1981 1073 1974 1120 1001 1336 1991 1327 1171 1152 1707 1187 1855 1879 1519 1243 1611 1816 1772 1328 1888 1902 1377 1449 1084 1213 1279 1667 1552 1204 1196 1569 1764 1392 1321 1309 1385 1086 1440 1312 1136 1316 1927 1549 1528 1549 1200 1532 1503 1499 1646 1032 1018 1794 1654 1984 1631 1205 1281 1035 1508 1534 1702 1671 1992 1028 1978 1668 1179 1455 1567 1622 1738 1756 1583 1829 1376 1799 1429 1282 1640 1056 1372 1615 1186 1383 1509 1952 1834 1265 1499 1508 1456 1953 1777 1305 1546 1035 1085 BCNSPRNW ULIB Ver.6.0+V

เปลี่ยนเป็นภาษาไทย

Change to English
 แสดงรายละเอียดบรรณานุกรม
  กลับหน้าหลัก

Brief Record : Get Marc (ISO 2709) : E-mail record : QR code < ปิดหน้าต่าง
LEADER : 00000nam 2200000uu 4500
001    13399127609
003     ULIB
008    210304s2562||||th 000 0 tha d
020    ^a9786165537537
060    ^aWA485^bก637อ
100    ^aกิจจา บานชื่น
245    ^aอาชีวอนามัยและความปลอดภัย20001-1001/^cกิจจา บานชื่น
250    ^aพิมพ์ครั้งที่ 1
260    ^aกรุงเทพมหานคร :^bสำนักพิมพ์ศูนย์ส่งเสริมอาชีวะ,^c2562
300    ^a302 หน้า^bภาพประกอบ, ตาราง, ภาคผนวก
650    ^aอาชีวอนามัย
650    ^aความปลอดภัย
945    ^p108^l0^i28691
945    ^p108^l0^i28692
945    ^p108^l0^i28693
945    ^p108^l0^i28694
945    ^p108^l0^i28695
945    ^p108^l0^i28696
945    ^p108^l0^i28697
945    ^p108^l0^i28698
945    ^p108^l0^i28699
945    ^p108^l0^i28700
999    ^aกัณชพร จุลอักษร
รายการนี้ยังไม่มีแท็ก
คุณยังไม่ได้ล็อกอิน คุณสามารถมีกิจกรรมร่วมกับเว็บไซต์ได้ แต่ต้องล็อกอินก่อน ::
  ล็อกอิน

รายการสื่อสารสนเทศ

ลำดับที่ ประเภท เลขเรียก/บาร์โค้ด สถานที่ สถานะ
1. หนังสือสำรอง
หนังสือสำรอง
WA485 ก637อ ฉ.1 
  Barcode: 28691
ห้องสมุดวิทยาเขตนครสวรรค์
►หนังสือทั่วไป:l:General Books
บนชั้น
2. วิทยาศาสตร์การแพทย์ และสุขภาพ
วิทยาศาสตร์การแพทย์ และสุขภาพ
WA485 ก637อ ฉ.10 
  Barcode: 28700
ห้องสมุดวิทยาเขตนครสวรรค์
►หนังสือทั่วไป:l:General Books
บนชั้น
3. วิทยาศาสตร์การแพทย์ และสุขภาพ
วิทยาศาสตร์การแพทย์ และสุขภาพ
WA485 ก637อ ฉ.2 
  Barcode: 28692
ห้องสมุดวิทยาเขตนครสวรรค์
►หนังสือทั่วไป:l:General Books
บนชั้น
4. วิทยาศาสตร์การแพทย์ และสุขภาพ
วิทยาศาสตร์การแพทย์ และสุขภาพ
WA485 ก637อ ฉ.3 
  Barcode: 28693
ห้องสมุดวิทยาเขตนครสวรรค์
►หนังสือทั่วไป:l:General Books
บนชั้น
5. วิทยาศาสตร์การแพทย์ และสุขภาพ
วิทยาศาสตร์การแพทย์ และสุขภาพ
WA485 ก637อ ฉ.4 
  Barcode: 28694
ห้องสมุดวิทยาเขตนครสวรรค์
►หนังสือทั่วไป:l:General Books
บนชั้น
6. วิทยาศาสตร์การแพทย์ และสุขภาพ
วิทยาศาสตร์การแพทย์ และสุขภาพ
WA485 ก637อ ฉ.5 
  Barcode: 28695
ห้องสมุดวิทยาเขตนครสวรรค์
►หนังสือทั่วไป:l:General Books
บนชั้น
7. วิทยาศาสตร์การแพทย์ และสุขภาพ
วิทยาศาสตร์การแพทย์ และสุขภาพ
WA485 ก637อ ฉ.6 
  Barcode: 28696
ห้องสมุดวิทยาเขตนครสวรรค์
►หนังสือทั่วไป:l:General Books
บนชั้น
8. วิทยาศาสตร์การแพทย์ และสุขภาพ
วิทยาศาสตร์การแพทย์ และสุขภาพ
WA485 ก637อ ฉ.7 
  Barcode: 28697
ห้องสมุดวิทยาเขตนครสวรรค์
►หนังสือทั่วไป:l:General Books
บนชั้น
9. วิทยาศาสตร์การแพทย์ และสุขภาพ
วิทยาศาสตร์การแพทย์ และสุขภาพ
WA485 ก637อ ฉ.8 
  Barcode: 28698
ห้องสมุดวิทยาเขตนครสวรรค์
►หนังสือทั่วไป:l:General Books
บนชั้น
10. วิทยาศาสตร์การแพทย์ และสุขภาพ
วิทยาศาสตร์การแพทย์ และสุขภาพ
WA485 ก637อ ฉ.9 
  Barcode: 28699
ห้องสมุดวิทยาเขตนครสวรรค์
►หนังสือทั่วไป:l:General Books
บนชั้น

รายการใกล้เคียง
    หัวเรื่อง [อาชีวอนามัย]
    หัวเรื่อง [ความปลอดภัย]

BibComment


ยังไม่เคยถูกคอมเมนท์

คอมเมนท์ทรัพยากรรายการนี้
  คอมเมนท์: อาชีวอนามัยและคว..


 Copyright 2026. Bcnsprnw @Library